000 00415nam a2200145 i 4500
001 78121
003 ES-MaACL
007 t|
008 041011s1911 xxk ||||1| eng d
100 1 _aHannah, Ian C.
_961733
245 1 0 _aEastern Asia
_b: being the second edition of a Brief history of Eastern Asia /
_cIan C. Hannah.
260 _aLondon :
_bFisher Unwin,
_c1911.
300 _a324 p.
852 _aES-MaACL
_jG-44
999 _c78121
_d78121